| 000 | 00406nam a2200169Ia 4500 | ||
|---|---|---|---|
| 005 | 20250423095037.0 | ||
| 008 | 250422s9999 xx 000 0 und d | ||
| 020 | _a0- 345- 29536- 6 | ||
| 050 | _aRJ 504 .A97/ | ||
| 100 | _aAxline, Virginia Mae, 1911-1988 | ||
| 245 | 0 | _aDIBS in search of self | |
| 260 | _aNew York | ||
| 260 | _bBallantine Books | ||
| 260 | _c1964 | ||
| 300 | _a220 p | ||
| 942 | _cBK | ||
| 999 |
_c29067 _d29067 |
||